000 00530nam a2200217 454500
001 023705
003 BD-ChCU
008 Eng
020 _ax
040 _aDLC
_cDLC
_dBD-ChCU
082 0 0 _a157/C692a
100 1 _aColeman, James C.
_bWilliam E.Broen
245 1 0 _aAbnormal Psychology and Modernlife
_bx
250 _a4
260 _aIndia
_bD.B. Taraporevala
_c1975
300 _axiv, 789
504 _aIncludes
650 0 _aPsychology, Pathological
_bPsychology, Pathological
700 1 _ax
942 _2ddc
_cBK
999 _c23705
_d23705